000 00637nam a2200169Ia 4500
008 090201s9999 xx 000 0 und d
010 _aKPL-14279
040 _bमराठी
041 _aमराठी
082 _a4533
_b14279
100 _aभालबा केळकर
245 _aशेरलॉक होम्सच्या चातुर्यकथा भाग 1
_cभालबा केळकर
260 _c1974
_bसरीता प्रकाशन
300 _a96
_bमोठा
600 _aशेरलॉक होम्सच्या चातुर्यकथा भाग 1
942 _cBOOK
999 _c205564
_d205564